Państwa Azji w kolejności alfabetycznej - Statystyki

Ogólne statystyki
  • Ten quiz został rozwiązany 35 razy
  • Średni wynik to 29 z 48
Odpowiedzi na mapie
Odpowiedzi zakodowano w zielono-czerwonej skali na mapie do tego quizu, zgodnie z poniższymi procentami.
 
Statystyki odpowiedzi
Państwo % Poprawnych
Afganistan
100%
Arabia Saudyjska
78%
Armenia
78%
Azerbejdżan
78%
Bahrajn
74%
Chiny
74%
Bangladesz
70%
Bhutan
70%
Brunei
70%
Cypr
70%
Gruzja
70%
Filipiny
65%
Indie
65%
Indonezja
65%
Irak
65%
Iran
65%
Izrael
65%
Japonia
65%
Jemen
65%
Jordania
65%
Kambodża
61%
Katar
61%
Kazachstan
61%
Korea Północna
61%
Korea Południowa
61%
Laos
61%
Kirgistan
57%
Kuwejt
57%
Liban
57%
Malezja
57%
Nepal
57%
Oman
57%
Malediwy
52%
Mjanma
52%
Mongolia
52%
Pakistan
52%
Tajlandia
48%
Tajwan
48%
Wietnam
48%
Singapur
43%
Sri Lanka
43%
Syria
43%
Tadżykistan
43%
Turcja
43%
Uzbekistan
43%
Zjednoczone Emiraty Arabskie
43%
Turkmenistan
39%
Timor Wschodni
35%
Nie znaleziono quizów pasujących do podanych kryteriów
Rozkład punktacji
Procent ludzi z każdym wynikiem
Percentyl według liczby udzielonych odpowiedzi
Twoja historia wyników
Nie rozwiązałeś tego quizu